Alejandro (Record no. 187557)

MARC details
000 -LEADER
campo de control de longitud fija 00887nam a2200253 i 4500
001 - NÚMERO DE CONTROL
campo de control 187557
003 - IDENTIFICADOR DE NÚMERO DE CONTROL
campo de control ES-MaACL
005 - FECHA Y HORA DE LA ÚLTIMA TRANSACCIÓN
campo de control 20240129115702.0
008 - DATOS DE LONGITUD FIJA--INFORMACIÓN GENERAL
campo de control de longitud fija 171123s2003 sp b |||| | spa d
020 ## - NÚMERO INTERNACIONAL ESTÁNDAR DEL LIBRO
Número Internacional Estándar del Libro 84-674-0389-6
080 ## - NÚMERO DE LA CLASIFICACIÓN DECIMAL UNIVERSAL
Número de la Clasificación Decimal Universal 821.112.2-31"19"
100 1# - ENTRADA PRINCIPAL--NOMBRE DE PERSONA
Nombre de persona Haefs, Gisbert,
Fechas asociadas al nombre 1950-
9 (RLIN) 144837
245 10 - MENCIÓN DEL TÍTULO
Título Alejandro
Resto del título : el unificador de Grecia, La Hélade /
Mención de responsabilidad, etc. Gisbert Haefs ; [traducción, José Antonio Alemany].
260 ## - PUBLICACIÓN, DISTRIBUCIÓN, ETC.
Lugar de publicación, distribución, etc. Barcelona :
Nombre del editor, distribuidor, etc. Planeta-De Agostini,
Fecha de publicación, distribución, etc. [2003]
300 ## - DESCRIPCIÓN FÍSICA
Extensión 461 p. ;
Dimensiones 24 cm.
490 1# - MENCIÓN DE SERIE
Mención de serie Novelas de Grecia y Roma
500 ## - NOTA GENERAL
Nota general Apéndices.
600 04 - PUNTO DE ACCESO ADICIONAL DE MATERIA--NOMBRE DE PERSONA
Nombre de persona Alejandro Magno-
Subdivisión de forma Novelas.
9 (RLIN) 162845
700 1# - ENTRADA AGREGADA--NOMBRE PERSONAL
Nombre de persona Alemany, José Antonio.
9 (RLIN) 19727
830 1# - PUNTO DE ACCESO ADICIONAL DE SERIE-TÍTULO UNIFORME
Título uniforme Novelas de Grecia y Roma
9 (RLIN) 225574
852 ## - LOCALIZACIÓN
Ubicación ES-MaACL
Número de control de estantería A-14042
itemnumber 194643
Sublocalización o colección R.151598
Ubicación en estantería Depósito 1
Signatura antigua Olim: N-7042
942 ## - ELEMENTOS DE ENTRADA SECUNDARIOS (KOHA)
Fuente del sistema de clasificación o colocación Clasificación decimal universal
Tipo de ítem Koha Libro impreso
Holdings
Estatus retirado Estado de pérdida Fuente del sistema de clasificación o colocación Estado de daño No para préstamo Biblioteca de origen Biblioteca actual Ubicación en estantería Fecha de adquisición Fuente de adquisición Total de préstamos Signatura topográfica completa Código de barras Visto por última vez Precio de reemplazo Tipo de ítem Koha
    Clasificación decimal universal     Biblioteca del Ateneo de Madrid Biblioteca del Ateneo de Madrid Depósito 1 23/11/2017 Donación   A-14042 1198096 23/02/2023 23/02/2023 Libro impreso